[Event "NOE Landesliga 2019/20"]
[Site "verschiedene"]
[Date "2019.10.06"]
[Round "2"]
[Board "4"]
[White "Pribitzer, Stefan"]
[Black "Seidler, Dieter"]
[Result "1-0"]
[WhiteElo "2032"]
[BlackElo "1931"]
[PlyCount "69"]
[EventDate "2019.09.22"]
[EventType "team"]
[EventRounds "9"]
[EventCountry "AUT"]
[WhiteTeam "SGM Mistelbach/Altlichtenwarth"]
[BlackTeam "SGM Bisamberg/Korneuburg"]

1. d4 e6 2. Nf3 d5 3. c4 Nf6 4. Nc3 Be7 5. Bg5 O-O 6. e3 b6 7. cxd5 exd5 8. Bd3
Bb7 9. O-O Nbd7 10. Qc2 h6 11. Bf4 a6 12. Rac1 c5 13. h3 Re8 14. Rfe1 Bf8 15.
Ne5 Nxe5 16. Bxe5 c4 17. Be2 b5 18. a3 Ne4 19. Nxe4 dxe4 20. a4 Bd5 21. axb5
axb5 22. Ra1 Qb6 23. Rec1 Ra5 24. Qd1 Rea8 25. Rab1 Rc8 26. Bg4 Be6 27. d5 Rd8
28. Bd4 Rxd5 29. Bxb6 Rxd1+ 30. Rxd1 Ra6 31. Bxe6 Rxb6 32. Bd5 g5 33. Bxe4 Rb8
34. Rd7 b4 35. Bd5  1-0

[Event "NOE Landesliga 2019/20"]
[Site "verschiedene"]
[Date "2019.10.27"]
[Round "3"]
[Board "1"]
[White "Mikes, Jan"]
[Black "Blatny, Pavel"]
[Result "0-1"]
[WhiteElo "2386"]
[BlackElo "2325"]
[PlyCount "94"]
[EventDate "2019.09.22"]
[EventType "team"]
[EventRounds "9"]
[EventCountry "AUT"]
[WhiteTeam "SGM Mistelbach/Altlichtenwarth"]
[BlackTeam "SK Zwettl"]

1. e4 e6 2. d4 d5 3. Bd3 dxe4 4. Bxe4 Nf6 5. Bf3 c5 6. Ne2 Nc6 7. Be3 Qb6 8.
Nbc3 Nxd4 9. Nxd4 cxd4 10. Bxd4 Bc5 11. Bxc5 Qxc5 12. O-O O-O 13. a4 Rb8 14.
Ra3 Bd7 15. Ne4 Nxe4 16. Bxe4 Rfd8 17. Qf3 f5 18. Bd3 Qe5 19. Bc4 Qxb2 20. Rd3
Qf6 21. Re1 Kh8 22. Rde3 Re8 23. Qf4 Rbd8 24. h3 Re7 25. a5 Rde8 26. Re5 Bc6
27. a6 Be4 28. f3 g5 29. Qg3 Bxc2 30. Qf2 Be4 31. Qd4 Bc6 32. Qxa7 g4 33. hxg4
fxg4 34. fxg4 Qf4 35. axb7 Rxb7 36. Qa1 Rg7 37. Rxe6 Rxe6 38. Bxe6 Qd2 39. Bd5
Qxd5 40. Qb2 Qc5+ 41. Kh1 Qd6 42. Rf1 Kg8 43. Rf6 Bxg2+ 44. Kg1 Qd1+ 45. Kh2
Qh1+ 46. Kg3 Qh3+ 47. Kf2 Qh2  0-1

[Event "NOE Landesliga 2019/20"]
[Site "verschiedene"]
[Date "2019.10.27"]
[Round "3"]
[Board "2"]
[White "Zwettler, Martin"]
[Black "Bures, Jaroslav"]
[Result "0-1"]
[WhiteElo "2192"]
[BlackElo "2389"]
[PlyCount "108"]
[EventDate "2019.09.22"]
[EventType "team"]
[EventRounds "9"]
[EventCountry "AUT"]
[WhiteTeam "SK Zwettl"]
[BlackTeam "SGM Mistelbach/Altlichtenwarth"]

1. c4 e5 2. g3 Nf6 3. Bg2 d5 4. cxd5 Nxd5 5. Nf3 Nc6 6. Nc3 Nb6 7. O-O Be7 8.
d3 Be6 9. Be3 O-O 10. a3 Nd5 11. Nxd5 Bxd5 12. Rc1 Re8 13. Qa4 a6 14. Rfe1 Bf8
15. Nd2 Bxg2 16. Kxg2 Qd5+ 17. Qe4 Rad8 18. Rc4 f5 19. Qxd5+ Rxd5 20. Rec1 Bd6
21. f3 Nd4 22. Kf2 b5 23. R4c3 f4 24. gxf4 Nxe2 25. Kxe2 exf4 26. Ne4 fxe3 27.
Rg1 Kh8 28. Nxd6 cxd6 29. b4 Rh5 30. Rg2 Rh4 31. d4 Rxd4 32. Rxe3 Rc8 33. Rg4
Rd5 34. Re7 g6 35. h4 Rc2+ 36. Ke3 Rc3+ 37. Kf2 Rxa3 38. Rf4 Rf5 39. Rxf5 gxf5
40. Kg3 Ra4 41. Kf4 Rxb4+ 42. Kg5 Rc4 43. h5 d5 44. h6 Rc8 45. Kxf5 Rb8 46. Ra7
b4 47. Rxa6 b3 48. Ra1 b2 49. Rb1 Kg8 50. Ke5 Rb5 51. f4 Kf7 52. Kd4 Kf6 53.
Kc3 Kf5 54. Rxb2 Rxb2  0-1

[Event "NOE Landesliga 2019/20"]
[Site "verschiedene"]
[Date "2019.10.27"]
[Round "3"]
[Board "3"]
[White "Vrana, Frantisek"]
[Black "Mlynek, Petr"]
[Result "0-1"]
[WhiteElo "2254"]
[BlackElo "2094"]
[PlyCount "88"]
[EventDate "2019.09.22"]
[EventType "team"]
[EventRounds "9"]
[EventCountry "AUT"]
[WhiteTeam "SGM Mistelbach/Altlichtenwarth"]
[BlackTeam "SK Zwettl"]

1. d4 d5 2. Nf3 c6 3. c3 Bf5 4. Bf4 e6 5. Qb3 Qb6 6. Nbd2 Nd7 7. e3 Ngf6 8. Nh4
Ne4 9. Nxf5 exf5 10. Bd3 g6 11. Nf3 Bg7 12. Qa3 Bf8 13. Qb3 Bg7 14. h4 h5 15.
Ng1 O-O 16. Ne2 Rfe8 17. f3 Nef6 18. Kf2 Re6 19. Rhe1 Rae8 20. c4 Qxb3 21. axb3
a6 22. Ra4 c5 23. b4 dxc4 24. Bxc4 Nb6 25. b3 Nxa4 26. bxa4 cxb4 27. Bxe6 Rxe6
28. Rc1 Rc6 29. Rxc6 bxc6 30. Nc1 Nd5 31. Bb8 f4 32. exf4 Bxd4+ 33. Ke2 Bb2 34.
Nd3 Bf6 35. Nc5 Be7 36. Nxa6 Nc3+ 37. Kd2 Nxa4 38. Kc2 c5 39. g3 c4 40. Be5 b3+
41. Kd2 f6 42. Bd4 Kf7 43. Nc7 Bb4+ 44. Kd1 c3  0-1

[Event "NOE Landesliga 2019/20"]
[Site "verschiedene"]
[Date "2019.10.27"]
[Round "3"]
[Board "4"]
[White "Allram, Sebastian"]
[Black "Teuber, Andreas"]
[Result "0-1"]
[WhiteElo "1976"]
[BlackElo "2116"]
[PlyCount "64"]
[EventDate "2019.09.22"]
[EventType "team"]
[EventRounds "9"]
[EventCountry "AUT"]
[WhiteTeam "SK Zwettl"]
[BlackTeam "SGM Mistelbach/Altlichtenwarth"]

1. c4 e6 2. Nc3 b6 3. d3 Bb7 4. Nf3 Bb4 5. Bd2 f5 6. a3 Bxc3 7. Bxc3 Nf6 8. g3
d6 9. Bg2 O-O 10. O-O Qe7 11. Re1 Nbd7 12. Qc2 e5 13. e3 Nc5 14. d4 Be4 15. Qd1
Nd3 16. Re2 Bxf3 17. Bxf3 e4 18. Bg2 Qf7 19. b3 d5 20. cxd5 Nxd5 21. Qc2 Rac8
22. Qd2 c5 23. Rb1 Rc7 24. Ba1 Rfc8 25. f3 cxd4 26. fxe4 Rc1+ 27. Re1 Rxe1+ 28.
Rxe1 Nxe1 29. Qxe1 Nxe3 30. Bf3 Nc2 31. Qb1 Nxa1 32. Qxa1 Qxb3  0-1

[Event "NOE Landesliga 2019/20"]
[Site "verschiedene"]
[Date "2019.10.27"]
[Round "3"]
[Board "1"]
[White "Groetz, Harald"]
[Black "Morgunov, Marc"]
[Result "1/2-1/2"]
[WhiteElo "2322"]
[BlackElo "2345"]
[PlyCount "54"]
[EventDate "2019.09.22"]
[EventType "team"]
[EventRounds "9"]
[EventCountry "AUT"]
[WhiteTeam "SV Stockerau"]
[BlackTeam "ASK Kottingbrunn"]

1. Nf3 Nf6 2. g3 g6 3. b3 Bg7 4. Bb2 O-O 5. Bg2 d5 6. c4 c5 7. cxd5 Nxd5 8.
Bxg7 Kxg7 9. O-O Nc6 10. d4 cxd4 11. Nxd4 Nxd4 12. Qxd4+ Nf6 13. Rd1 Qxd4 14.
Rxd4 Rb8 15. Na3 Bg4 16. h3 Bxe2 17. Re1 e5 18. Rd6 Ba6 19. b4 b6 20. b5 Bc8
21. Rxe5 Be6 22. Nc2 Rfd8 23. Rxd8 Rxd8 24. Nb4 Rd1+ 25. Kh2 Rd2 26. Kg1 Rd1+
27. Kh2 Rd2  1/2-1/2

[Event "NOE Landesliga 2019/20"]
[Site "verschiedene"]
[Date "2019.10.27"]
[Round "3"]
[Board "2"]
[White "Schroll, Gerhard"]
[Black "Schirmbeck, Hannes"]
[Result "1-0"]
[WhiteElo "2317"]
[BlackElo "2102"]
[PlyCount "129"]
[EventDate "2019.09.22"]
[EventType "team"]
[EventRounds "9"]
[EventCountry "AUT"]
[WhiteTeam "ASK Kottingbrunn"]
[BlackTeam "SV Stockerau"]

1. b3 e5 2. Bb2 Nc6 3. c4 Nf6 4. g3 Bc5 5. Bg2 O-O 6. e3 d5 7. cxd5 Nxd5 8. a3
Re8 9. Ne2 a5 10. O-O Bg4 11. Re1 Qd7 12. Qc2 Ba7 13. Nbc3 Bf5 14. Ne4 Rad8 15.
Rad1 Qe6 16. N2c3 Qg6 17. d3 Nf6 18. Nb5 Nxe4 19. dxe4 Rxd1 20. Qxd1 Bxe4 21.
Bxe4 Qxe4 22. Nxa7 Nxa7 23. Qd7 Qc6 24. Qd2 b6 25. Rc1 Qd6 26. Qxd6 cxd6 27.
Rc7 Nc8 28. e4 g6 29. g4 Kg7 30. g5 Rd8 31. f4 Kf8 32. fxe5 Re8 33. e6 Ne7 34.
exf7 Kxf7 35. Rb7 Ke6 36. Rxb6 Kd7 37. Bf6 Kc7 38. Rb5 Nc6 39. Bc3 Rxe4 40.
Bxa5+ Nxa5 41. Rxa5 Kc6 42. Kf2 d5 43. Kf3 Re1 44. Ra4 Kc5 45. Rh4 Re7 46. b4+
Kb5 47. Rd4 Rf7+ 48. Ke3 Rf5 49. h4 Re5+ 50. Kd3 Kc6 51. Rf4 Re1 52. a4 Ra1 53.
Rf6+ Kd7 54. Kd4 Rxa4 55. Kc5 Ke7 56. b5 Rxh4 57. b6 Kd7 58. Rf7+ Kc8 59. Kc6
Rc4+ 60. Kxd5 Rc1 61. Rxh7 Rg1 62. Rg7 Rd1+ 63. Ke5 Re1+ 64. Kf6 Rb1 65. b7+
 1-0

[Event "NOE Landesliga 2019/20"]
[Site "verschiedene"]
[Date "2019.10.27"]
[Round "3"]
[Board "3"]
[White "Schmid, Thomas"]
[Black "Wirius, Johannes"]
[Result "1/2-1/2"]
[WhiteElo "2109"]
[BlackElo "2147"]
[PlyCount "56"]
[EventDate "2019.09.22"]
[EventType "team"]
[EventRounds "9"]
[EventCountry "AUT"]
[WhiteTeam "SV Stockerau"]
[BlackTeam "ASK Kottingbrunn"]

1. e4 Nf6 2. e5 Nd5 3. d4 d6 4. Nf3 Nb6 5. a4 a5 6. Bb5+ c6 7. Be2 g6 8. O-O
Bg7 9. Bf4 O-O 10. Qc1 Re8 11. Re1 Nd5 12. Bh6 Na6 13. Bxg7 Kxg7 14. Na3 dxe5
15. Nxe5 f6 16. Ng4 g5 17. g3 Bf5 18. c3 Qd7 19. Ne3 Nxe3 20. Qxe3 Nc7 21. Nc4
Nd5 22. Qd2 Bg6 23. Bf3 Qc7 24. Qe2 Rad8 25. Qe6 Bf7 26. Qe2 Bg6 27. Qe6 Bf7
28. Qe2 Bg6  1/2-1/2

[Event "NOE Landesliga 2019/20"]
[Site "verschiedene"]
[Date "2019.10.27"]
[Round "3"]
[Board "4"]
[White "Steiner, Bruno"]
[Black "Khachatouri, Saro"]
[Result "0-1"]
[WhiteElo "2169"]
[BlackElo "2005"]
[PlyCount "78"]
[EventDate "2019.09.22"]
[EventType "team"]
[EventRounds "9"]
[EventCountry "AUT"]
[WhiteTeam "ASK Kottingbrunn"]
[BlackTeam "SV Stockerau"]

1. d4 Nf6 2. Bg5 e6 3. e4 h6 4. Bxf6 Qxf6 5. c3 d6 6. Bc4 g6 7. Ne2 Bg7 8. O-O
e5 9. dxe5 dxe5 10. Nd2 O-O 11. Bb3 Na6 12. Kh1 Nc5 13. f4 Bg4 14. f5 Rad8 15.
Qe1 Nd3 16. Qd1 Nf4 17. Rxf4 exf4 18. Qe1 gxf5 19. Nxf4 Qg5 20. Qf2 c6 21. Rf1
Be5 22. g3 Kh8 23. Nf3 Bxf3+ 24. Qxf3 Bxf4 25. gxf4 Qg4 26. Qxg4 fxg4 27. Kg2
Kg7 28. Kg3 h5 29. f5 f6 30. Kh4 Kh6 31. h3 gxh3 32. Kxh3 Rd3+ 33. Kh4 Re3 34.
Rd1 Re8 35. Be6 Re7 36. Rd8 Rxe4+ 37. Kh3 Rg7 38. Rh8+ Kg5 39. Rd8 Kf4  0-1

[Event "NOE Landesliga 2019/20"]
[Site "verschiedene"]
[Date "2019.10.27"]
[Round "3"]
[Board "1"]
[White "Sandhoefner, Florian"]
[Black "Froewis, Georg"]
[Result "1/2-1/2"]
[WhiteElo "2321"]
[BlackElo "2429"]
[PlyCount "91"]
[EventDate "2019.09.22"]
[EventType "team"]
[EventRounds "9"]
[EventCountry "AUT"]
[WhiteTeam "SV Amstetten"]
[BlackTeam "SGM Voest Krems"]

1. e4 e6 2. d4 d5 3. Nd2 Nc6 4. Ngf3 Nf6 5. e5 Nd7 6. Nb3 a5 7. a4 Be7 8. Bb5
Na7 9. Bd3 b6 10. O-O c5 11. c4 Bb7 12. Be3 Rc8 13. Rc1 cxd4 14. Nbxd4 Nc5 15.
Be2 O-O 16. b3 Qd7 17. cxd5 Bxd5 18. Bc4 Rfd8 19. Qe2 Nc6 20. Nxc6 Qxc6 21. Nd4
Qa8 22. f4 g6 23. Rc2 Ne4 24. Rfc1 Bc5 25. h3 Rc7 26. Kh2 Bxc4 27. Rxc4 Rcd7
28. Nb5 Nd2 29. R4c3 Qe4 30. Qf2 Qd5 31. Bxc5 Ne4 32. Qh4 Nxc5 33. Nd6 Rxd6 34.
exd6 Rxd6 35. Qg3 Qd2 36. Qe3 Rd4 37. Qxd2 Rxd2 38. Rxc5 bxc5 39. Rxc5 Rd5 40.
Rxd5 exd5 41. b4 axb4 42. a5 b3 43. a6 b2 44. a7 b1=Q 45. a8=Q+ Kg7 46. Qxd5
 1/2-1/2

[Event "NOE Landesliga 2019/20"]
[Site "verschiedene"]
[Date "2019.10.27"]
[Round "3"]
[Board "2"]
[White "Enoeckl, Philipp"]
[Black "Rumpl, Erwin"]
[Result "1-0"]
[WhiteElo "2275"]
[BlackElo "2274"]
[PlyCount "163"]
[EventDate "2019.09.22"]
[EventType "team"]
[EventRounds "9"]
[EventCountry "AUT"]
[WhiteTeam "SGM Voest Krems"]
[BlackTeam "SV Amstetten"]

1. d4 e6 2. e4 d5 3. e5 b6 4. c3 Qd7 5. h4 Ba6 6. Bxa6 Nxa6 7. h5 h6 8. Qd3 Nb8
9. Nf3 c5 10. a3 c4 11. Qc2 Nc6 12. Bf4 Na5 13. Nbd2 Ne7 14. g4 O-O-O 15. Bg3
Nec6 16. Nh4 Be7 17. f4 Bxh4 18. Bxh4 Rdf8 19. f5 f6 20. exf6 gxf6 21. O-O-O e5
22. Nf3 Nb3+ 23. Kb1 e4 24. Nd2 Nxd2+ 25. Qxd2 Na5 26. Qf4 Qc7 27. Qe3 Kb7 28.
Bg3 Qd7 29. Bf4 Qg7 30. Rh4 Nb3 31. Kc2 Kc6 32. Rb1 Rd8 33. Kd1 b5 34. Ke2 a5
35. Kf2 Ra8 36. Kg3 Qf8 37. Rh2 Kd7 38. Kh4 Ra7 39. Rg2 Rb7 40. Kh3 Kc6 41. Rc2
Rb6 42. Rg1 Kb7 43. Kh4 b4 44. axb4 axb4 45. Rb1 Kc6 46. Rg2 Kb5 47. Rf2 Ra6
48. Rg1 Rh7 49. Rfg2 Ra2 50. Rf2 Ra4 51. Rb1 Kc6 52. Rh2 Qe7 53. Bxh6 Na1 54.
g5 fxg5+ 55. Bxg5 Qf7 56. h6 b3 57. Qf4 Ra8 58. Rf1 Nc2 59. Qg4 Rah8 60. Qh5
Qf8 61. Rg2 Kd7 62. Kg3 Rg8 63. Kh2 e3 64. f6 Qf7 65. Qf3 Re8 66. Re2 Re4 67.
Qf5+ Kc7 68. Kg2 Kb6 69. Rf3 Rh8 70. Rh3 Rh7 71. Kf3 Kc7 72. Bxe3 Kc6 73. Kf2
Qd7 74. Qxd7+ Kxd7 75. Rh5 Nxe3 76. Rxe3 Rxe3 77. Kxe3 Ke6 78. Re5+ Kd6 79. Rf5
Rf7 80. Kf4 Ke6 81. Kg5 Rf8 82. f7  1-0

[Event "NOE Landesliga 2019/20"]
[Site "verschiedene"]
[Date "2019.10.27"]
[Round "3"]
[Board "3"]
[White "Rechberger, Franz"]
[Black "Woeber, Friedrich"]
[Result "1-0"]
[WhiteElo "2108"]
[BlackElo "2126"]
[PlyCount "143"]
[EventDate "2019.09.22"]
[EventType "team"]
[EventRounds "9"]
[EventCountry "AUT"]
[WhiteTeam "SV Amstetten"]
[BlackTeam "SGM Voest Krems"]

1. e4 d6 2. d4 Nf6 3. Nc3 g6 4. Nf3 Bg7 5. Bg5 c6 6. h3 Qa5 7. Qd2 O-O 8. Bd3
Nbd7 9. O-O e5 10. dxe5 dxe5 11. Qe3 Re8 12. Nd2 Qc7 13. Bc4 b5 14. Bb3 a5 15.
a4 b4 16. Ne2 Nf8 17. Qf3 Qe7 18. Nc4 Ne6 19. Bxf6 Bxf6 20. Nb6 Rb8 21. Nxc8
Rexc8 22. Bxe6 Qxe6 23. Rfd1 Rd8 24. Ng3 Rd4 25. Ne2 Rxd1+ 26. Rxd1 Rd8 27.
Rxd8+ Bxd8 28. Qd3 Bc7 29. Ng3 Qd6 30. Qc4 Kg7 31. Nf1 Bb6 32. Qd3 Qxd3 33.
cxd3 Bd4 34. b3 Bb6 35. Nd2 Kf8 36. Kf1 Ke7 37. Nc4 Bc7 38. Ke2 Ke6 39. Ke3 c5
40. Ke2 Bd8 41. Ne3 Bg5 42. Nd5 Bd8 43. Kf3 h5 44. g3 Kd6 45. Ke2 Ke6 46. Ne3
Bg5 47. Nc4 Bd8 48. Ke3 Bc7 49. Kf3 Bd8 50. Ke2 Bc7 51. Ke3 f5 52. exf5+ gxf5
53. f3 Kd5 54. g4 fxg4 55. fxg4 hxg4 56. hxg4 Bd8 57. Nd2 Bg5+ 58. Ke2 Bf4 59.
Nc4 e4 60. Nxa5 Kd4 61. dxe4 Kxe4 62. Nc4 Bb8 63. g5 Kf5 64. Kd3 Kxg5 65. Ke4
Ba7 66. Kd5 Kf5 67. Kc6 Ke4 68. Kb7 Kd3 69. Kxa7 Kc3 70. Na5 c4 71. bxc4 b3 72.
Nxb3  1-0

[Event "NOE Landesliga 2019/20"]
[Site "verschiedene"]
[Date "2019.10.27"]
[Round "3"]
[Board "4"]
[White "Wallner, Erich"]
[Black "Wadsack, Wolfgang"]
[Result "1/2-1/2"]
[WhiteElo "2209"]
[BlackElo "2137"]
[PlyCount "26"]
[EventDate "2019.09.22"]
[EventType "team"]
[EventRounds "9"]
[EventCountry "AUT"]
[WhiteTeam "SGM Voest Krems"]
[BlackTeam "SV Amstetten"]

1. d4 d5 2. Nf3 Nf6 3. Bf4 c5 4. e3 Qb6 5. Qc1 Nc6 6. c3 Bf5 7. Nbd2 Rc8 8. Be2
cxd4 9. Nxd4 Nxd4 10. exd4 e6 11. O-O Be7 12. Re1 O-O 13. Nf1 Bd6  1/2-1/2

[Event "NOE Landesliga 2019/20"]
[Site "verschiedene"]
[Date "2019.11.24"]
[Round "4"]
[Board "1"]
[White "Peyrer, Konstantin"]
[Black "Heimberger, Reinhard"]
[Result "1-0"]
[WhiteElo "2260"]
[BlackElo "2241"]
[PlyCount "65"]
[EventDate "2019.09.22"]
[EventType "team"]
[EventRounds "9"]
[EventCountry "AUT"]
[WhiteTeam "ASK Kottingbrunn"]
[BlackTeam "KSV Boehlerwerk"]

1. d4 d5 2. Bf4 Nf6 3. e3 Bf5 4. c4 c6 5. Nc3 e6 6. Qb3 Qb6 7. c5 Qxb3 8. axb3
Nbd7 9. h3 Ne4 10. b4 g5 11. Bh2 Bg7 12. Nf3 h5 13. Nxe4 dxe4 14. Nd2 O-O 15.
Nc4 Nf6 16. Nd6 b5 17. Ra6 Nd5 18. Rxc6 a6 19. Nxf5 exf5 20. Rd6 Nxb4 21. Kd2
Rfd8 22. Be2 f4 23. Rxd8+ Rxd8 24. Bxh5 Nd3 25. c6 f5 26. Bg6 Nxb2 27. c7 fxe3+
28. Ke2 Rc8 29. Rc1 Nd3 30. Rc2 b4 31. Bxf5 Nxf2 32. Bxc8 Nd3 33. Kxe3  1-0

[Event "NOE Landesliga 2019/20"]
[Site "verschiedene"]
[Date "2019.11.24"]
[Round "4"]
[Board "2"]
[White "Mostbauer, Florian"]
[Black "Morgunov, Marc"]
[Result "1/2-1/2"]
[WhiteElo "2338"]
[BlackElo "2345"]
[PlyCount "43"]
[EventDate "2019.09.22"]
[EventType "team"]
[EventRounds "9"]
[EventCountry "AUT"]
[WhiteTeam "KSV Boehlerwerk"]
[BlackTeam "ASK Kottingbrunn"]

{[%evp 0,7,19,29,18,2,16,4,12,14]} 1. Nf3 Nf6 2. e3 g6 3. d4 Bg7 4. c4 d6 5.
Be2 O-O 6. O-O Nbd7 7. Nc3 e5 8. Qc2 c6 9. Rd1 Re8 10. b4 Qc7 11. a4 a5 12. b5
exd4 13. exd4 Nb6 14. Bf4 Bf5 15. Bd3 Bxd3 16. Qxd3 Nh5 17. Be3 d5 18. Nd2 Nf4
19. Qf1 dxc4 20. Nxc4 Nfd5 21. Nxb6 Nxb6 22. Rac1  1/2-1/2

[Event "NOE Landesliga 2019/20"]
[Site "verschiedene"]
[Date "2019.11.24"]
[Round "4"]
[Board "3"]
[White "Lechner, Daniel"]
[Black "Ehs, Dominik"]
[Result "1/2-1/2"]
[WhiteElo "2161"]
[BlackElo "2094"]
[PlyCount "46"]
[EventDate "2019.09.22"]
[EventType "team"]
[EventRounds "9"]
[EventCountry "AUT"]
[WhiteTeam "ASK Kottingbrunn"]
[BlackTeam "KSV Boehlerwerk"]

{[%evp 0,46,28,18,27,-7,43,39,39,32,38,16,16,7,18,4,17,8,4,-1,8,4,-1,4,3,23,15,
7,15,9,5,1,14,7,29,-5,14,-7,4,-44,-34,-23,0,2,22,22,22,-31,-4]} 1. d4 Nf6 2. c4
g6 3. Nf3 Bg7 4. Nc3 O-O 5. e3 d6 6. Be2 Nbd7 7. b3 e5 8. Bb2 Re8 9. Qc2 exd4
10. Nxd4 Nc5 11. O-O Bg4 12. Rad1 Bxe2 13. Ndxe2 c6 14. h3 Qe7 15. b4 Ne6 16.
a3 Nc7 17. Nf4 Ne6 18. Nd3 Rad8 19. Rd2 d5 20. cxd5 Nxd5 21. Rfd1 f5 22. Qb3
Kh8 23. Na4 Ng5  1/2-1/2

[Event "NOE Landesliga 2019/20"]
[Site "verschiedene"]
[Date "2019.11.24"]
[Round "4"]
[Board "4"]
[White "Mostbauer, Maximilian"]
[Black "Wirius, Johannes"]
[Result "1-0"]
[WhiteElo "2209"]
[BlackElo "2147"]
[PlyCount "57"]
[EventDate "2019.09.22"]
[EventType "team"]
[EventRounds "9"]
[EventCountry "AUT"]
[WhiteTeam "KSV Boehlerwerk"]
[BlackTeam "ASK Kottingbrunn"]

{[%evp 0,16,28,27,32,27,40,26,19,15,2,19,35,-10,-4,0,21,25,44]} 1. d4 Nf6 2.
Nf3 g6 3. g3 Bg7 4. Bg2 O-O 5. O-O d6 6. b3 c5 7. Bb2 cxd4 8. Nxd4 a6 9. c4 Qb6
10. Nc3 Nc6 11. Na4 Qc7 12. c5 dxc5 13. Nxc6 bxc6 14. Qc2 Nd7 15. Bxg7 Kxg7 16.
Rac1 Bb7 17. Nxc5 Nxc5 18. Qxc5 Rfd8 19. b4 Qd6 20. Qxd6 Rxd6 21. Rfd1 Rad8 22.
Rxd6 Rxd6 23. a4 Rd4 24. b5 Rxa4 25. Bxc6 Bc8 26. b6 Rb4 27. Bg2 Bg4 28. b7
Bxe2 29. h3  1-0

[Event "NOE Landesliga 2019/20"]
[Site "verschiedene"]
[Date "2019.11.24"]
[Round "4"]
[Board "1"]
[White "Schmidrathner, Christian"]
[Black "Sandhoefner, Florian"]
[Result "0-1"]
[WhiteElo "2092"]
[BlackElo "2321"]
[PlyCount "66"]
[EventDate "2019.09.22"]
[EventType "team"]
[EventRounds "9"]
[EventCountry "AUT"]
[WhiteTeam "SGM Bisamberg/Korneuburg"]
[BlackTeam "SV Amstetten"]

1. e4 c5 2. Nf3 d6 3. d4 cxd4 4. Nxd4 Nf6 5. Nc3 a6 6. f3 e6 7. Be3 b5 8. a3
Bb7 9. Qd2 Nbd7 10. O-O-O Rc8 11. g4 Nb6 12. g5 Nfd7 13. Rg1 Ne5 14. b3 d5 15.
Nb1 dxe4 16. f4 Ned7 17. f5 e5 18. Nxb5 Nd5 19. N5c3 Nxc3 20. Nxc3 Bxa3+ 21.
Kb1 Bb4 22. Bc4 Bc6 23. g6 hxg6 24. fxg6 f5 25. Bf7+ Kf8 26. Be6 f4 27. Bxd7
Bxd7 28. Bxf4 Bxc3 29. Qxd7 Qxd7 30. Rxd7 exf4 31. Rf7+ Kg8 32. Rxf4 e3 33. Re4
Rh5  0-1

[Event "NOE Landesliga 2019/20"]
[Site "verschiedene"]
[Date "2019.11.24"]
[Round "4"]
[Board "2"]
[White "Rumpl, Erwin"]
[Black "Pammer, Andreas"]
[Result "1-0"]
[WhiteElo "2274"]
[BlackElo "2074"]
[PlyCount "53"]
[EventDate "2019.09.22"]
[EventType "team"]
[EventRounds "9"]
[EventCountry "AUT"]
[WhiteTeam "SV Amstetten"]
[BlackTeam "SGM Bisamberg/Korneuburg"]

1. b3 Nf6 2. Bb2 d5 3. e3 Bf5 4. Nf3 h6 5. g3 e6 6. Bg2 Nbd7 7. O-O Bd6 8. d3
O-O 9. Qe2 e5 10. Nbd2 e4 11. dxe4 Nxe4 12. Nd4 Bg6 13. Nxe4 dxe4 14. Nb5 Be5
15. Bxe5 Nxe5 16. Nc3 f5 17. Qb5 Qe8 18. Qxb7 c6 19. Ne2 Bh5 20. Nd4 Rf7 21.
Qb4 Rd8 22. Rae1 Rd5 23. f4 c5 24. Qa5 Nc6 25. Qb5 Rf6 26. c4 Rd8 27. Qxc5  1-0

[Event "NOE Landesliga 2019/20"]
[Site "verschiedene"]
[Date "2019.11.24"]
[Round "4"]
[Board "3"]
[White "Wetscherek, Gerhard"]
[Black "Rechberger, Franz"]
[Result "1/2-1/2"]
[WhiteElo "2097"]
[BlackElo "2108"]
[PlyCount "68"]
[EventDate "2019.09.22"]
[EventType "team"]
[EventRounds "9"]
[EventCountry "AUT"]
[WhiteTeam "SGM Bisamberg/Korneuburg"]
[BlackTeam "SV Amstetten"]

1. e4 e5 2. Nf3 Nc6 3. Bc4 Bc5 4. c3 Nf6 5. d4 exd4 6. e5 d5 7. Bb5 Ne4 8. cxd4
Bb6 9. Be3 Bg4 10. h3 Bxf3 11. gxf3 Ng5 12. Nc3 O-O 13. Bxc6 bxc6 14. f4 Ne4
15. Nxe4 dxe4 16. f5 Qd5 17. f6 g6 18. Qg4 Bxd4 19. Bxd4 Qxd4 20. Qg5 Qb4+ 21.
Kf1 Rfe8 22. Kg2 Qc5 23. Qh6 Qf8 24. Qf4 Rab8 25. Rhe1 Rxb2 26. Rxe4 Rb5 27. a4
Rd5 28. Rb1 c5 29. Rb7 a6 30. Rxc7 Rc8 31. Re7 Re8 32. Rc7 Rc8 33. Re7 Re8 34.
Rc7 Rc8  1/2-1/2

[Event "NOE Landesliga 2019/20"]
[Site "verschiedene"]
[Date "2019.11.24"]
[Round "4"]
[Board "4"]
[White "Wadsack, Wolfgang"]
[Black "Haider, Johann"]
[Result "1-0"]
[WhiteElo "2137"]
[BlackElo "1865"]
[PlyCount "121"]
[EventDate "2019.09.22"]
[EventType "team"]
[EventRounds "9"]
[EventCountry "AUT"]
[WhiteTeam "SV Amstetten"]
[BlackTeam "SGM Bisamberg/Korneuburg"]

1. e4 d6 2. d4 g6 3. Nc3 Nf6 4. f3 c6 5. Be3 Nbd7 6. Qd2 b5 7. a4 b4 8. Nd1 a5
9. Nh3 Bg7 10. Bh6 O-O 11. Nhf2 e5 12. dxe5 dxe5 13. Bxg7 Kxg7 14. Ne3 Nb6 15.
Bd3 Be6 16. O-O Qe7 17. b3 Rfd8 18. g4 c5 19. c4 bxc3 20. Qxc3 Qd6 21. Rac1 Qd4
22. Bb5 Rac8 23. Rfe1 Qxc3 24. Rxc3 Rd2 25. Rec1 Nfd7 26. Nd3 Kf6 27. Nxc5 Nxc5
28. Rxc5 Rxc5 29. Rxc5 Kg5 30. Ng2 Rd1+ 31. Kf2 Bxb3 32. Rxe5+ Kf6 33. Rc5 Nxa4
34. Bxa4 Bxa4 35. Rxa5 Bd7 36. Nf4 h6 37. Ra7 Bb5 38. Nd5+ Kg7 39. Nc3 Rf1+ 40.
Kg2 Bc4 41. Rc7 Ba6 42. e5 Re1 43. Ne4 Bd3 44. Nd6 Rxe5 45. Nxf7 Re2+ 46. Kg3
Kf6 47. Nxh6 Rb2 48. h4 Rb3 49. Rc6+ Ke5 50. Nf7+ Kd5 51. Rd6+ Kc5 52. Rd8 Be4
53. Ng5 Bb1 54. Ne6+ Kc4 55. Rd4+ Kc3 56. Rd6 Kc4 57. Kf4 Ra3 58. Ng5 Kc5 59.
Rf6 Kd5 60. Ne4 Bxe4 61. fxe4+  1-0

[Event "NOE Landesliga 2019/20"]
[Site "verschiedene"]
[Date "2019.11.24"]
[Round "4"]
[Board "1"]
[White "Vrana, Frantisek"]
[Black "Groetz, Harald"]
[Result "0-1"]
[WhiteElo "2254"]
[BlackElo "2322"]
[PlyCount "90"]
[EventDate "2019.09.22"]
[EventType "team"]
[EventRounds "9"]
[EventCountry "AUT"]
[WhiteTeam "SGM Mistelbach/Altlichtenwarth"]
[BlackTeam "SV Stockerau"]

1. e4 c5 2. Nc3 d6 3. g3 g6 4. Nf3 Bg7 5. d4 cxd4 6. Nxd4 Nc6 7. Nde2 Nf6 8.
Bg2 O-O 9. O-O Bd7 10. a4 Rc8 11. Nd5 Na5 12. Ra2 Nxd5 13. exd5 Bf5 14. b3 b6
15. Be3 Qc7 16. c4 Bg4 17. f3 Bd7 18. Re1 Rfe8 19. Bf2 Nb7 20. Nd4 Nc5 21. Rae2
Bf6 22. h3 a6 23. f4 b5 24. axb5 axb5 25. cxb5 Bxd4 26. Bxd4 Bxb5 27. Re3 Kf8
28. Qg4 f6 29. Qh4 Kg8 30. Kh2 Nd3 31. R1e2 Nb4 32. Bb2 Bxe2 33. Rxe2 Nd3 34.
Bd4 Nc1 35. Rb2 Nxb3 36. Bg1 Qc3 37. Rf2 Nd4 38. Qg4 Nf5 39. Be4 Ng7 40. f5
gxf5 41. Bxf5 Rc4 42. Rc2 Qxc2+ 43. Bxc2 Rxg4 44. hxg4 Rb8 45. Kh3 Ne8  0-1